MARC details
| 000 -CABECERA |
| campo de control de longitud fija |
00833nam a2200229 a 4500 |
| 005 - FECHA Y HORA DE LA ÚLTIMA TRANSACCIÓN |
| campo de control |
20240913064016.0 |
| 008 - ELEMENTOS DE LONGITUD FIJA--INFORMACIÓN GENERAL |
| campo de control de longitud fija |
991125s19871995mx 000 0 spa u |
| 020 ## - NÚMERO INTERNACIONAL NORMALIZADO PARA LIBROS |
| Número Internacional Estándar del Libro |
9681626702 |
| 035 ## - NÚMERO DE CONTROL DEL SISTEMA |
| Número de control de sistema |
UPN01000000366 |
| 040 ## - FUENTE DE LA CATALOGACIÓN |
| Centro catalogador/agencia de origen |
MX-MxUPN |
| Lengua de catalogación |
spa |
| Centro/agencia transcriptor |
MX-MxUPN |
| 050 #4 - SIGNATURA TOPOGRÁFICA DE LA BIBLIOTECA DEL CONGRESO |
| Número de clasificación |
Q111 |
| Número de documento/Ítem |
C5 no.40 |
| 100 1# - ASIENTO PRINCIPAL--NOMBRE PERSONAL |
| Nombre de persona |
Pérez-Tamayo, Ruy |
| Término indicativo de función/relación |
autor |
| 9 (RLIN) |
28617 |
| 245 10 - MENCIÓN DE TÍTULO |
| Título |
Acerca de Minerva / |
| Mención de responsabilidad, etc. |
Ruy Pérez Tamayo. |
| 250 ## - MENCIÓN DE EDICIÓN |
| Mención de edición |
Primera edición |
| Resto de la mención de edición |
Reimpresiones (4a, 1995) |
| 260 ## - PUBLICACIÓN, DISTRIBUCIÓN, ETC. |
| Lugar de publicación, distribución, etc. |
México : |
| Nombre del editor, distribuidor, etc. |
Secretaría de Educación Pública : |
| -- |
Fondo de Cultura Económica : |
| -- |
Consejo Nacional de Ciencia y Tecnología, |
| Fecha de publicación, distribución, etc. |
1987. |
| 300 ## - DESCRIPCIÓN FÍSICA |
| Extensión |
202 páginas : |
| Otras características físicas |
ilustraciones, fotografías en blanco y negro |
| 440 #3 - MENCIÓN DE SERIE/ASIENTO SECUNDARIO--TÍTULO |
| Título |
La ciencia desde México ; |
| Designación de volumen o secuencia |
40 |
| 650 #7 - ASIENTO SECUNDARIO DE MATERIA - TERMINO TEMATICO |
| Término de materia o nombre geográfico como elemento de entrada |
Investigación |
| Subdivisión geográfica |
México |
| Fuente del encabezamiento o término |
|
| 9 (RLIN) |
8077 |
| 650 #2 - ASIENTO SECUNDARIO DE MATERIA - TERMINO TEMATICO |
| Término de materia o nombre geográfico como elemento de entrada |
Ciencia |
| Subdivisión geográfica |
México |
| 9 (RLIN) |
8626 |
| 905 ## - TIPO DE MATERIAL |
| Tipo de material |
Libro |
| 942 ## - ELEMENTOS DE PUNTO DE ACCESO ADICIONAL (KOHA) |
| Fuente del sistema de clasificación o colocación |
Library of Congress Classification |
| Tipo de ítem Koha |
Libro |